| 000 | 01082cam a22002891 4500 | ||
|---|---|---|---|
| 001 | gs 23000086 | ||
| 003 | DLC | ||
| 005 | 20260227111327.0 | ||
| 008 | 780930s1923 dcubdf b f000 0 eng | ||
| 010 | _ags 23000086 | ||
| 035 | _a(OCoLC)4257183 | ||
| 040 |
_aDLC _cOClU _dOCoLC _dDLC |
||
| 042 | _apremarc | ||
| 050 | 0 | 0 |
_aQE75 _b.B9 no. 720 |
| 051 |
_aTN24.O3 _bC6 _cCopy 2. |
||
| 100 | 1 |
_aCondit, Daniel Dale, _d1886- |
|
| 245 | 1 | 0 |
_aEconomic geology of the Summerfield and Woodsfield quadrangles, Ohio, _bwith descriptions of coal and other mineral resources except oil and gas, _cby D. Dale Condit. |
| 260 |
_aWashington, _bU.S. Govt. Print. Off., _c1923. |
||
| 300 |
_a156p. _bXII pl. (part fold., incl. maps) tables, diagrs. _c24 cm. |
||
| 410 | 2 | 0 |
_aGeological Survey (U.S.). _tBulletin, _v720 |
| 500 | _aAt head of title: Department of the Interior. | ||
| 500 | _aColored maps folded in pocket. | ||
| 500 | _aMany plates printed on both sides of leaf. | ||
| 504 | _aBibliography: p. 6. | ||
| 650 | 0 | _aGeology, Economic | |
| 650 | 0 |
_aMines and mineral resources _zOhio |
|
| 999 |
_c26219 _d26219 |
||